00241nam a22001097a 4500008004100000020001800041041000800059080000700067100000600074101000800080245004300088170209b xxu||||| |||| 00| 0 eng d a9780262133630 aeng a61 a4 ashm aAN ODD KIND OF FAMEcMALCOLM MACMILLAN